| 000 | 00328 a2200133 4500 | ||
|---|---|---|---|
| 082 | _a297.21 | ||
| 090 |
_c5196 _d5196 |
||
| 100 | _aNasr,Seyyed Hossein | ||
| 245 |
_aThe Heart of Islam _cSeyyed Hossein Nasr |
||
| 260 |
_aLahore _bSuhail Academy _c2004 |
||
| 300 | _a338p | ||
| 500 | _aHard cover | ||
| 942 |
_aNBS _cBK _k297.21 NAS |
||
| 999 |
_c347615 _d347615 |
||